000 01139nam a2200301 4500
001 179212
003 ES-MaACL
005 20250902225547.0
008 111006s2007 sp afgp c |||| |dspa d
020 _a978-84-96515-49-9
080 _a783.033(460)
080 _a016:738.033(460):091
080 _a017.11(100)
245 0 0 _aHispania vetus :
_bmanuscritos litúrgico-musicales : de los orígenes visigóticos a la transición francorromana (siglos IX-XII) /
_cSusana Zapke (ed.) ; María José Azevedo Santos ... [et al.] ; prólogo, Anscari M. Mundó.
260 _aBilbao :
_bFundación BBVA,
_c[2007]
300 _a480 p. :
_bil. col., mapa ;
_c31 cm.
500 _aGlosario: p. [449]-457.
500 _aÍndices.
504 _aReferencias bibliográficas.
650 7 _aMúsica sagrada-
_zEspaña
_2
_9148149
700 1 _aZapke, Susana.
_9118019
700 1 _aSantos, Maria José Azevedo.
_9148150
700 1 _aMundó, Anscari M.
_9148151
710 2 _aFundación BBVA
_94230
852 4 _aES-MaACL
_9186090
_jA-11592
_bR.145911
_dOlim: N-4597
_cDEPO1
942 _2udc
_cMONOGRAFIA
999 _c179212
_d179212